| 000 | 01026nam a22002657a 4500 | ||
|---|---|---|---|
| 005 | 20090724135734.0 | ||
| 008 | 090608t xxu||||| |||| 00| j hin d | ||
| 010 | _aHIN-93357 | ||
| 020 |
_a8188911100 _c300.00 |
||
| 035 | _aHN-65703 | ||
| 037 | _bDBAD / PUB | ||
| 040 |
_aDPL _bHN |
||
| 082 | _aउ | ||
| 100 |
_91372 _aथानवी, शौकत |
||
| 245 |
_aकार्टून / _cशौकत थानवी |
||
| 246 |
_aCartoon _bby Shoukat Thanvi |
||
| 260 |
_aदिल्ली _bसरला प्रकाशन _c2011 |
||
| 270 |
_a1586/1ई, नवीन शाहदरा _bदिल्ली _e110032 |
||
| 300 |
_a168पृ. _c22सेमी (सजिल्द) |
||
| 650 |
_91169 _aहिन्दी कथा साहित्य |
||
| 650 |
_929837 _aHindi Novel |
||
| 700 | _929841 | ||
| 942 |
_2ddc _cHN _mथानवी _hउ |
||
| 999 |
_c54222 _d54222 |
||